000 00612nam a2200193Ia 4500
003 GCL
008 140319s9999 xx 000 0 ara d
040 _aGCL /
_cGCL
082 0 4 _a813.03
_bت ل
100 1 _aتوفيق الحكيم
245 1 0 _aليلة الزفاف /
_cتوفيق الحكيم
250 _aالثالثة
260 _aبيروت :
_bدار الكتاب اللبنانى ،
_c1985
300 _aمتعدد ؛
_c20 سم
490 _aمكتبة توفيق الحكيم الشعبية
_v2
650 0 4 _aالادب العربى
650 0 4 _aالقصص العربية
942 _2ddc
_cBK
999 _c53615
_d53615